Estudos sobre navios portuguezes nos seculos XV e XVI / (Record no. 36058)

MARC details
000 -LEADER
campo de control de longitud fija 00658nam a2200193 i 4500
001 - NÚMERO DE CONTROL
campo de control 36058
003 - IDENTIFICADOR DE NÚMERO DE CONTROL
campo de control ES-MaACL
005 - FECHA Y HORA DE LA ÚLTIMA TRANSACCIÓN
campo de control 20250907063037.0
007 - CAMPO FIJO DE DESCRIPCIÓN FÍSICA--INFORMACIÓN GENERAL
campo de control de longitud fija t|
008 - DATOS DE LONGITUD FIJA--INFORMACIÓN GENERAL
campo de control de longitud fija 201030s1892 po ||||1| por d
100 1# - ENTRADA PRINCIPAL--NOMBRE DE PERSONA
Nombre de persona Lopes de Mendonça, Henrique,
Fechas asociadas al nombre 1856-1931
9 (RLIN) 73290
245 10 - MENCIÓN DEL TÍTULO
Título Estudos sobre navios portuguezes nos seculos XV e XVI /
Mención de responsabilidad, etc. por Henrique Lopes de Mendonça.
260 ## - PUBLICACIÓN, DISTRIBUCIÓN, ETC.
Lugar de publicación, distribución, etc. Lisboa :
Nombre del editor, distribuidor, etc. [s.n.],
Fecha de publicación, distribución, etc. 1892 (
Fabricante Typ. da Academia Real das Sciencias)
300 ## - DESCRIPCIÓN FÍSICA
Extensión 119 p. :
Otras características físicas il. ;
Dimensiones 30 cm.
650 #4 - PUNTO DE ACCESO ADICIONAL DE MATERIA--TÉRMINO DE MATERIA
Término de materia o nombre geográfico como elemento de entrada Barcos-
Subdivisión geográfica Portugal.
9 (RLIN) 171499
650 ## - PUNTO DE ACCESO ADICIONAL DE MATERIA--TÉRMINO DE MATERIA
Término de materia o nombre geográfico como elemento de entrada Marina de guerra-
Subdivisión geográfica Portugal.
9 (RLIN) 170627
852 ## - LOCALIZACIÓN
Ubicación ES-MaACL
Número de control de estantería T-744-F-5
Holdings
Estatus retirado Estado de pérdida Estado de daño No para préstamo Colección Biblioteca de origen Biblioteca actual Ubicación en estantería Fecha de adquisición Fuente de adquisición Total de préstamos Signatura topográfica completa Código de barras Visto por última vez Precio de reemplazo Tipo de ítem Koha
        Colección de folletos Biblioteca del Ateneo de Madrid Biblioteca del Ateneo de Madrid Depósito folletos 04/07/2005     T-744-F-5 1202269 23/02/2023 23/02/2023 Folleto